Poesía escoyida (Record no. 13490)

MARC details
000 -LEADER
campo de control de longitud fija 00686nam a2200229 i 4500
001 - NÚMERO DE CONTROL
campo de control 13490
003 - IDENTIFICADOR DE NÚMERO DE CONTROL
campo de control ES-MaACL
005 - FECHA Y HORA DE LA ÚLTIMA TRANSACCIÓN
campo de control 20230906150607.0
007 - CAMPO FIJO DE DESCRIPCIÓN FÍSICA--INFORMACIÓN GENERAL
campo de control de longitud fija t|
008 - DATOS DE LONGITUD FIJA--INFORMACIÓN GENERAL
campo de control de longitud fija 980422s1997 sp ||||1| spa d
020 ## - NÚMERO INTERNACIONAL ESTÁNDAR DEL LIBRO
Número Internacional Estándar del Libro 84-87958-28-1
080 ## - NÚMERO DE LA CLASIFICACIÓN DECIMAL UNIVERSAL
Número de la Clasificación Decimal Universal 821.134.2-14"19"
100 1# - ENTRADA PRINCIPAL--NOMBRE DE PERSONA
Nombre de persona Alvarez García, Lourdes.
9 (RLIN) 20816
245 10 - MENCIÓN DEL TÍTULO
Título Poesía escoyida
Resto del título : (1985-1997) /
Mención de responsabilidad, etc. Lourdes Alvarez García.
260 ## - PUBLICACIÓN, DISTRIBUCIÓN, ETC.
Lugar de publicación, distribución, etc. Xixón :
Nombre del editor, distribuidor, etc. Atenéu Obreru de Xixón,
Fecha de publicación, distribución, etc. 1997.
300 ## - DESCRIPCIÓN FÍSICA
Extensión 83 p. ;
Dimensiones 21 cm.
490 1# - MENCIÓN DE SERIE
Mención de serie Tiempu de cristal ;
Designación de volumen o secuencia 2
710 2# - ENTRADA AGREGADA--NOMBRE DE ENTIDAD CORPORATIVA
Nombre de entidad corporativa o nombre de jurisdicción como elemento de entrada Ateneo Obrero de Gijón.
9 (RLIN) 2052
830 0# - PUNTO DE ACCESO ADICIONAL DE SERIE-TÍTULO UNIFORME
Título uniforme Tiempu de cristal ;
Designación de volumen o secuencia 2
9 (RLIN) 228426
852 ## - LOCALIZACIÓN
Ubicación ES-MaACL
Número de control de estantería L-20808
Sublocalización o colección R.126485
Holdings
Estatus retirado Estado de pérdida Estado de daño No para préstamo Biblioteca de origen Biblioteca actual Ubicación en estantería Fecha de adquisición Fuente de adquisición Total de préstamos Signatura topográfica completa Código de barras Visto por última vez Precio de reemplazo Tipo de ítem Koha
        Biblioteca del Ateneo de Madrid Biblioteca del Ateneo de Madrid Depósito 2 17/01/2008     L-20808 1013733 23/02/2023 23/02/2023 Libro impreso